| 000 | 00403nam a2200133Ia 4500 | ||
|---|---|---|---|
| 008 | 210430s9999 xx 000 0 und d | ||
| 020 | _a9812-53-124-6 | ||
| 082 | _a660.283 B8631 E | ||
| 100 |
_aLloyd E. Brownell, Edwin H. Young _9127224 |
||
| 245 |
_aProcess Equipment Design: Vessel Design / _cLloyd E. Brownell |
||
| 260 |
_aNew York _bJohn Wiley & Sons _c2004 |
||
| 300 | _a408p. | ||
| 942 |
_cBK _2ddc |
||
| 999 |
_c564787 _d564787 |
||